Система автоматического управления реостатнорекуперативным торможением электропоезда постоянного тока: Отчет о НИР № 2; Тема: № 127/64

Bibliografski detalji
Autor kompanije: Томский политехнический институт (ТПИ) (595)
Daljnji autori: Зайцев А. П. (руководитель), Гачик Р. К. (исполнитель)
Jezik:ruski
Izdano: Томск, 1966
Teme:
Format: Knjiga
KOHA link:https://koha.lib.tpu.ru/cgi-bin/koha/opac-detail.pl?biblionumber=185717

MARC

LEADER 00000nbm0a2200000 4500
001 185717
005 20231031173051.0
035 |a (RuTPU)RU\TPU\book\201480 
090 |a 185717 
100 |a 20101013d1966 k y0rusy50 ca 
101 0 |a rus 
102 |a RU 
105 |a a p 000zy 
200 1 |a Система автоматического управления реостатнорекуперативным торможением электропоезда постоянного тока  |e Отчет о НИР № 2  |e Тема: № 127/64  |f Томский политехнический институт (ТПИ) ; руководитель А. П. Зайцев ; Р. К. Гачик 
210 |a Томск  |d 1966 
215 |a 21 л. 
610 1 |a отчеты о НИР 
610 1 |a электрические поезда 
610 1 |a постоянный ток 
610 1 |a торможение 
610 1 |a автоматическое управление 
675 |a 621.333  |v 3 
702 1 |a Зайцев  |b А. П.  |4 673 
702 1 |a Гачик  |b Р. К.  |4 677 
712 0 2 |a Томский политехнический институт (ТПИ)  |c (1944-1991)  |2 stltpush  |3 (RuTPU)RU\TPU\col\1123  |4 595 
801 1 |a RU  |b 63413507  |c 20101013 
942 |c BK